书目信息 |
| 题名: |
民间文艺学的诗学传统
|
|
| 作者: | 刘锡诚 著 ;郝苏民 主编 | |
| 分册: | ||
| 出版信息: | 上海 上海文化出版社 2018 |
|
| 页数: | 553页 | |
| 开本: | 24cm | |
| 丛书名: | ||
| 单 册: | ||
| 中图分类: | I207.7-53 | |
| 科图分类: | ||
| 主题词: | 民间文学--文学研究--中国--文集 | |
| 电子资源: | ||
| ISBN: | 978-7-5535-1273-0 | |
| 000 | 00992nam0 2200253 450 | |
| 001 | 012001005248 | |
| 005 | 20141212153703.0 | |
| 010 | @a978-7-5535-1273-0@dCNY108.00 | |
| 100 | @a20181114d2018 em y0chiy50 ea | |
| 101 | 0 | @achi |
| 102 | @aCN@b310000 | |
| 105 | @aa z 000yy | |
| 106 | @ar | |
| 200 | 1 | @a民间文艺学的诗学传统@9min jian wen yi xue de shi xue chuan tong@f刘锡诚著@g郝苏民主编 |
| 210 | @a上海@c上海文化出版社@d2018 | |
| 215 | @a553页@c图@d24cm | |
| 300 | @a西部民间文化与口头传统精选系列 国家民委人文社科重点研究基地西北民族非物质文化遗产保护研究中心成果 | |
| 330 | @a本书是作者民间文学研究文章的自选集,收录了《马克思恩格斯与民间文学》《论高尔基的民间文学观》《九尾狐的文化内涵》《神话史上的读图时代》《漫话八仙传说》等文章。 | |
| 606 | 0 | @a民间文学@x文学研究@y中国@j文集 |
| 690 | @aI207.7-53@v5 | |
| 701 | 0 | @a刘锡诚@9liu xi cheng@f(1935.2-)@4著 |
| 702 | 0 | @a郝苏民@9hao su min@4主编 |
| 801 | 0 | @aCN@b江苏凤凰@c20191020 |
| 905 | @b1207657-9@dI207.7-53@e939@f3 | |
| 民间文艺学的诗学传统/刘锡诚著/郝苏民主编.-上海:上海文化出版社,2018 |
| 553页:图;24cm |
| 西部民间文化与口头传统精选系列 国家民委人文社科重点研究基地西北民族非物质文化遗产保护研究中心成果 |
| ISBN 978-7-5535-1273-0:CNY108.00 |
| 本书是作者民间文学研究文章的自选集,收录了《马克思恩格斯与民间文学》《论高尔基的民间文学观》《九尾狐的文化内涵》《神话史上的读图时代》《漫话八仙传说》等文章。 |
| ● |
| 相关链接 |
|
|
|
|
正题名:民间文艺学的诗学传统
索取号:I207.7-53/939
 
预约/预借
| 序号 | 登录号 | 条形码 | 馆藏地/架位号 | 状态 | 备注 |
| 1 | 1207657 | 212076572 | 第一样本阅览室/ [索取号:I207.7-53/939] | 在馆 | |
| 2 | 1207658 | 212076581 | 教育系资料室/ [索取号:I207.7-53/939] | 在馆 | |
| 3 | 1207659 | 212076590 | 第二借阅区/ [索取号:I207.7-53/939] | 在馆 |